00683nam a2200169Ia 4500999001700000041001200017082001200029100007900041245009600120260006600216300001400282650001600296650002600312700002200338942001200360952014100372 c27116d27116 aEnglish aRP.0328 aPurohit, Vishnu KantauFoundation for public economics and policy research 0aStamp duty and registration fee :bissues in policy and governance / cVishnu Kanta Purohit aNew Delhi :bIndian Council oF Social Science Research,c2017 avi, 165p. aStamp duty  aPolicy and governance aPurohit, Mahesh C 2ddccBK 00102ddc40718IRPaNASSDOCbNASSDOCd2021-11-24eGifted by: RP Division ICSSRl0oRP.0328p51748r2021-12-21 00:00:00w2021-12-21yRP